Význam priestorových efektov v analýze inovačných aktivít regiónov EÚ študijný odbor: 3.3.25 Ekonometria a operačný výskum

Saved in:
Bibliographic Details
Main Author: Furková, Andrea, 1975-
Corporate Author: Ekonomická univerzita v Bratislave. Fakulta hospodárskej informatiky
Format: Book
Language:Slovak
Published: Bratislava Vydavateľstvo EKONÓM 2017
Edition:1. vyd.
Series:Habilitačné a inauguračné prednášky
Subjects:
Tags: Add Tag
No Tags, Be the first to tag this record!

MARC

LEADER 00000nam$a2200000$$$4500
001 0237959
005 20240502073840.9
020 |a 978-80-225-4432-0 
041 0 |a slo 
044 |a SK 
245 1 0 |a Význam priestorových efektov v analýze inovačných aktivít regiónov EÚ  |b študijný odbor: 3.3.25 Ekonometria a operačný výskum  |c Andrea Furková 
250 |a 1. vyd. 
264 1 |a Bratislava  |b Vydavateľstvo EKONÓM  |c 2017 
300 |a 56 s. 
490 1 |a Habilitačné a inauguračné prednášky 
830 0 |a Habilitačné a inauguračné prednášky 
610 2 0 |a modelovanie ekonometrické 
610 2 0 |a modely ekonometrické 
610 2 0 |a analýza ekonometrická 
610 2 0 |a Európska únia 
100 1 |a Furková, Andrea, 1975- 
710 2 |a Ekonomická univerzita v Bratislave. Fakulta hospodárskej informatiky